| 000 | 00732nam a2200205 4500 | ||
|---|---|---|---|
| 999 |
_c186338 _d186338 |
||
| 005 | 20220223153919.0 | ||
| 010 | _aENG-131770 | ||
| 020 |
_a9788195368709 _c352.00 |
||
| 035 | _aEN-115302 | ||
| 037 | _bDBAD/PUB | ||
| 082 | _a621 | ||
| 100 | _aKumar, M. Sreenivasa | ||
| 245 |
_aElements of Mechanical and Electrical Engineering/ _cM. Sreenivasa Kumar, D. Jagadish and SK. Karimulla |
||
| 260 |
_aHyderabad _bAmaravati Publications _c2021 |
||
| 270 |
_a#326/C, III Floor, Surneni Nilayam Near B K Guda Park, S R Nagar _bHyderabad _e500038 _k011238000657 _mstudentshelpline.in@gmail.com |
||
| 300 |
_axvi,384p. _c24cm(pbk) |
||
| 700 | _aJagadish, D. | ||
| 700 | _aKarimullla, Sk. | ||
| 942 |
_2ddc _cEN _h621 _mSRE |
||